000 00443nam a2200169Ia 4500
008 090711s9999 xx 000 0 und d
082 _b70063
100 _aवाईकर विजय
245 _aरक्तरंग
260 _c1992
300 _a100
600 _aवाईकर विजय
630 _aरक्तरंग
700 _aवाईकर विजय
730 _aरक्तरंग
942 _cBOOK
999 _c304996
_d304996